Plánování a řízení investiční činnosti

Gespeichert in:
Bibliographische Detailangaben
1. Verfasser: Horák, Emil
Format: Buch
Sprache:Tschechisch
Veröffentlicht: Praha Dům techn. ČSVTS 1987
Ausgabe:1. vyd.
Tags: Tag hinzufügen
Keine Tags, Fügen Sie das erste Tag hinzu!

MARC

LEADER 00000nam a2200000 4500
001 c037588
005 20221219103118.8
041 0 |a cze 
044 |a CZ 
245 1 0 |a Plánování a řízení investiční činnosti  |c Emil Horák 
250 |a 1. vyd. 
264 1 |a Praha  |b Dům techn. ČSVTS  |c 1987 
300 |a 31 s. 
100 1 |a Horák, Emil